[Event "Tres Cantos op 11th"]
[Site "Tres Cantos"]
[Date "2019.06.30"]
[Round "9"]
[White "Bello Burguet, Glenier Lazaro"]
[Black "Tadevosyan, Aspet"]
[Result "1-0"]
[WhiteElo "1971"]
[BlackElo "2143"]
[PlyCount "95"]
[EventDate "2019.06.22"]
[EventType "swiss"]
[EventRounds "9"]
[EventCountry "ESP"]
[SourceTitle "CBM 195 Extra"]
[Source "ChessBase"]
[SourceDate "2020.05.31"]
[SourceVersion "1"]
[SourceVersionDate "2020.05.31"]
[SourceQuality "1"]

1. e4 e6 2. d4 d5 3. exd5 exd5 4. Nf3 Bd6 5. Bd3 Ne7 6. Bg5 0-0 7. 0-0 Nbc6 8. c3 f6 9. Bh4 Bf5 10. Re1 Qd7 11. Bg3 Bxg3 12. hxg3 Rfe8 13. Na3 a6 14. Nc2 b5 15. Ne3 Bxd3 16. Qxd3 Na5 17. Re2 Nb7 18. Rae1 Nd6 19. Nd2 c6 20. f3 a5 21. Nb3 Nb7 22. Kf2 a4 23. Nc5 Nxc5 24. dxc5 Ng6 25. b4 axb3 26. axb3 Ne5 27. Qd4 Ra3 28. b4 Rea8 29. g4 Ra2 30. g5 Qe6 31. gxf6 gxf6 32. Kf1 Qf7 33. Ng4 Rxe2 34. Nh6+ Kg7 35. Nxf7 Rxe1+ 36. Kxe1 Kxf7 37. Qh4 Kg7 38. f4 Ra1+ 39. Kf2 Ra2+ 40. Kg1 Ng6 41. Qg4 Kh6 42. Qe6 Rxg2+ 43. Kf1 Rg3 44. f5 Nf4 45. Qxf6+ Kh5 46. Qf7+ Kg4 47. Qg7+ Kf3 48. f6 1-0

[Event "Madrid-ch sf"]
[Site "Madrid"]
[Date "2019.05.11"]
[Round "6"]
[White "Bello Burguet, Glenier Lazaro"]
[Black "Cabanas Bravo, Juan Andres"]
[Result "0-1"]
[WhiteElo "1961"]
[BlackElo "2010"]
[PlyCount "88"]
[EventDate "2019.05.06"]
[EventType "swiss"]
[EventRounds "9"]
[EventCountry "ESP"]
[SourceTitle "CBM 190 Extra"]
[Source "ChessBase"]
[SourceDate "2019.07.15"]
[SourceVersion "1"]
[SourceVersionDate "2019.07.15"]
[SourceQuality "1"]

1. Nf3 Nf6 2. d4 d5 3. c4 c6 4. cxd5 cxd5 5. Nc3 g6 6. Bf4 Bg7 7. e3 0-0 8. Bd3 Qb6 9. Qb3 Qxb3 10. axb3 Nc6 11. Ne5 Nb4 12. Bb1 Nh5 13. Bg3 Nxg3 14. hxg3 Bxe5 15. dxe5 Bd7 16. Rh4 a5 17. Rd4 Be6 18. f4 b6 19. Na2 Nc6 20. Rd3 Rfd8 21. Rc3 Rac8 22. Bd3 d4 23. exd4 Nxd4 24. b4 Bxa2 25. Rxc8 Rxc8 26. Rxa2 Rc1+ 27. Kf2 axb4 28. Ra6 b5 29. Rb6 b3 30. Ke3 Nc2+ 31. Kd2 Rg1 32. Bxc2 Rxg2+ 33. Kc1 Rxc2+ 34. Kd1 Rg2 35. Rxb5 Rxg3 36. Kd2 h5 37. Rb7 e6 38. Ra7 h4 39. Ra1 Kg7 40. Rh1 h3 41. Ke2 f6 42. Kf2 Rg2+ 43. Ke3 h2 44. Kd3 Rc2 0-1

[Event "Madrid-ch sf"]
[Site "Madrid"]
[Date "2019.05.09"]
[Round "4"]
[White "Bello Burguet, Glenier Lazaro"]
[Black "Largo Barbero, Benito"]
[Result "1-0"]
[WhiteElo "1961"]
[BlackElo "1878"]
[PlyCount "27"]
[EventDate "2019.05.06"]
[EventType "swiss"]
[EventRounds "9"]
[EventCountry "ESP"]
[SourceTitle "CBM 190 Extra"]
[Source "ChessBase"]
[SourceDate "2019.07.15"]
[SourceVersion "1"]
[SourceVersionDate "2019.07.15"]
[SourceQuality "1"]

1. Nf3 g6 2. g3 Bg7 3. Bg2 d6 4. d4 f5 5. 0-0 Nf6 6. c4 0-0 7. Nc3 c6 8. d5 e5 9. dxe6 Bxe6 10. Bf4 Bxc4 11. Bxd6 Re8 12. Ne5 Ba6 13. Qb3+ Nd5 14. Bxd5+ 1-0